Исследование влияния нанодисперсных тугоплавких соединений комплексного легирования на структуру и свойства металла сварных соединений из стали 09Г2С; Перспективные материалы конструкционного и медицинского назначения

Bibliographic Details
Parent link:Перспективные материалы конструкционного и медицинского назначения.— 2018.— [С. 46-47]
Main Author: Гордиевский Г. В.
Corporate Author: Национальный исследовательский Томский политехнический университет (ТПУ)
Other Authors: Гальченко Н. К., Самарцев В. П.
Summary:Заглавие с экрана
Language:Russian
Published: 2018
Series:Проблемы надежности материалов
Subjects:
Online Access:http://earchive.tpu.ru/handle/11683/51859
Format: Electronic Book Chapter
KOHA link:https://koha.lib.tpu.ru/cgi-bin/koha/opac-detail.pl?biblionumber=628528

MARC

LEADER 00000naa2a2200000 4500
001 628528
005 20231101133521.0
035 |a (RuTPU)RU\TPU\conf\28777 
035 |a RU\TPU\conf\28773 
090 |a 628528 
100 |a 20181129d2018 k y0rusy50 ca 
101 0 |a rus 
102 |a RU 
105 |a y z 101zy 
135 |a drcn ---uucaa 
181 0 |a i  
182 0 |a b 
200 1 |a Исследование влияния нанодисперсных тугоплавких соединений комплексного легирования на структуру и свойства металла сварных соединений из стали 09Г2С  |f Г. В. Гордиевский, Н. К. Гальченко, В. П. Самарцев 
203 |a Текст  |c электронный 
225 1 |a Проблемы надежности материалов 
230 |a 1 компьютерный файл (pdf; 342 Kb) 
300 |a Заглавие с экрана 
320 |a [Библиогр.: с. 47 (2 назв.)] 
463 1 |0 (RuTPU)RU\TPU\conf\28688  |t Перспективные материалы конструкционного и медицинского назначения  |o сборник трудов Международной научно-технической молодежной конференции, г. Томск, 26–30 ноября 2018 г.  |f Национальный исследовательский Томский политехнический университет, Инженерная школа новых производственных технологий ; Российский фонд фундаментальных исследований ; под ред. С. Н. Кулькова [и др.]  |v [С. 46-47]  |d 2018 
610 1 |a труды учёных ТПУ 
610 1 |a электронный ресурс 
610 1 |a нанодисперсные соединения 
610 1 |a тугоплавкие соединения 
610 1 |a легирование 
610 1 |a структура 
610 1 |a свойства 
610 1 |a металлы 
610 1 |a сварные соединения 
610 1 |a карбонитрид титана 
610 1 |a легирующие элементы 
700 1 |a Гордиевский  |b Г. В. 
701 1 |a Гальченко  |b Н. К. 
701 1 |a Самарцев  |b В. П. 
712 0 2 |a Национальный исследовательский Томский политехнический университет (ТПУ)  |c (2009- )  |2 stltpush  |3 (RuTPU)RU\TPU\col\15902 
801 2 |a RU  |b 63413507  |c 20181205  |g RCR 
856 4 |u http://earchive.tpu.ru/handle/11683/51859 
942 |c BK